Niveaux Officiels de Geometry Dash - Statistiques

Statistiques générales
  • Ce quiz a été pris 1 087 fois
    914 depuis la dernière actualisation
  • Le résultat moyen est 15 sur 22
Statistiques - réponses
Numéro Difficulté Niveau % Correct
1 Easy Stereo Madness
90%
7 Harder Jumper
83%
12 Insane Theory Of Everything
77%
2 Easy Back On Track
76%
8 Harder Time Machine
76%
14 Demon Clubstep
74%
5 Hard Base After Base
72%
9 Harder Cycles
72%
4 Normal Dry Out
72%
10 Insane xStep
72%
6 Hard Can't Let Go
71%
18 Demon Theory Of Everything 2
70%
3 Normal Polargeist
69%
11 Insane Clutterfunk
67%
21 Insane Fingerdash
62%
15 Insane Electrodynamix
60%
22 Insane Dash
59%
13 Insane Electroman Adventures
59%
20 Demon Deadlocked
58%
16 Insane Hexagon Force
58%
19 Harder Geometrical Dominator
56%
17 Harder Blast Processing
51%
Aucun quiz correspondant
Distribution des résultats
% des personnes avec chaque résultat
Percentile par nombre de réponses
Votre historique - résultats
Vous n’avez pas pris ce quiz depuis la dernière actualisation